000 00494nam a22001577a 4500
005 20240829081350.0
008 240829b |||||||| |||| 00| 0 eng d
041 _aEnglish
082 _a349 LAW
100 _lEnglish
245 _aThe Laws of South Wes Africa 1923
260 _aWindhoek:
_bBy Order of His Honour the Administrator of South West Africa,
_c1924
300 _bxvi, 125 pages;
_c25 cm.
650 _aLegal practice
_bLaw
942 _cBK
_6ALISON_BN_VRIES
999 _c2936
_d2936